| 000 | 00815cac a22002535a 4500 | ||
|---|---|---|---|
| 005 | 20150816140042.0 | ||
| 008 | 150813b2007 njua|||| |||| 001 0 eng d | ||
| 010 | _a 2006051380 | ||
| 020 | _a0131999184 | ||
| 020 | _a9780131999183 | ||
| 040 |
_aEG-ScBUE _beng _cEG-ScBUE |
||
| 082 | 0 | 4 |
_a006 _bBIS _222 |
| 100 | 1 |
_aBishop, Robert H., _95424 |
|
| 245 | 1 | 0 |
_aLabVIEW 8 student edition / _cRobert H. Bishop. |
| 260 |
_aUpper Saddle River : _bPearson Prentice Hall. _cc.2007. |
||
| 300 |
_axxiv, 619 p. : _bill. ; _c27 cm. |
||
| 500 | _aIndex : p. 611-619. | ||
| 590 | _aDoha Ragab | ||
| 650 | 0 |
_aScientific apparatus and instruments _xComputer simulation _vTextbooks. _2BUEsh |
|
| 650 | 0 |
_aComputer graphics _vTextbooks. _2BUEsh |
|
| 651 | _2BUEsh | ||
| 653 |
_bCOMSCI _cAugust2015 |
||
| 942 |
_cBB _2ddc |
||
| 999 |
_c8286 _d8286 |
||